[Event "II Campionato Italiano Lampo Online"]
[Site "playchess.com"]
[Date "2007.12.23"]
[Round "1.3"]
[White "Godena, Michele"]
[Black "Vocaturo, Daniele"]
[Result "1-0"]
[WhiteElo "2567"]
[BlackElo "2769"]
[PlyCount "43"]
[EventDate "2007.12.23"]
[Source "www.chesslib.no"]
[SourceDate "2004.05.04"]

1. Nf3 Nf6 2. e4 Nxe4 3. d4 d5 4. Bd3 g6 5. O-O Bg7 6. Re1 Nf6 7. c4 c6 8. Nc3 O-O 9. Bg5 h6 10. Bf4 Be6 11. Bxg6 dxc4 12. Bc2 Nd5 13. Be5 Nxc3 14. bxc3 Bg4 15. h3 Bh5 16. Qe2 e6 17. Bxg7 Bxf3 18. Qe5 Qd5 19. Bxf8 Qxe5 20. dxe5 Bd5 21. Bxh6 b5 22. Re3 1-0

[Event "Open"]
[Site "?"]
[Date "1996.??.??"]
[Round "7"]
[White "Landa Konstantin"]
[Black "Psakhis Lev"]
[Result "1/2-1/2"]
[WhiteElo "2560"]
[BlackElo "2610"]
[PlyCount "62"]
[EventDate "1996.??.??"]
[Source "www.chesslib.no"]
[SourceDate "2004.05.04"]

1. Nf3 Nf6 2. g3 b6 3. Bg2 Bb7 4. O-O d5 5. d4 e6 6. Ne5 Be7 7. c4 O-O 8. Qa4 Qe8 9. Qxe8 Rxe8 10. Nc3 Na6 11. Bf4 c5 12. Rfd1 Red8 13. Rac1 cxd4 14. Nb5 d3 15. Nxd3 Nc5 16. Ne5 Kf8 17. Be3 Ncd7 18. Bd4 Nxe5 19. Bxe5 Rd7 20. cxd5 Bxd5 21. Bxf6 Bxf6 22. h4 Bb7 23. Nd6 Re8 24. Ne4 e5 25. Rd4 exd4 26. Ng5 Re5 27. Bh3 Bh1 28. Rd1 Rd6 29. Rf1 Rdd5 30. Rd1 Re4 31. e3 dxe3 1/2-1/2

[Event "Oberwart op"]
[Site "?"]
[Date "1996.??.??"]
[Round "8"]
[White "Eingorn Vereslav S"]
[Black "Dvoirys Semen I"]
[Result "1/2-1/2"]
[WhiteElo "2585"]
[BlackElo "2570"]
[PlyCount "34"]
[EventDate "1996.??.??"]
[Source "www.chesslib.no"]
[SourceDate "2004.05.04"]

1. Nf3 Nf6 2. b3 g6 3. Bb2 Bg7 4. g3 c5 5. Bg2 Nc6 6. c4 b6 7. d4 cxd4 8. Nxd4 Bb7 9. O-O Qb8 10. Nc2 h5 11. h4 Nd8 12. Nd2 Bxg2 13. Kxg2 Qb7+ 14. Nf3 Ne6 15. Rb1 g5 16. Bxf6 Bxf6 17. Qd5 Qxd5 1/2-1/2

[Event "LXVI Campionato georgiano"]
[Site "Tbilisi GEO"]
[Date "2007.03.25"]
[Round "11"]
[White "Gelashvili, T."]
[Black "Aroshidze, L."]
[Result "1-0"]
[WhiteElo "2612"]
[BlackElo "2531"]
[PlyCount "111"]
[EventDate "2007.03.14"]
[Source "www.chesslib.no"]
[SourceDate "2004.05.04"]

1. Nf3 Nf6 2. e3 e6 3. b3 b6 4. Bb2 Bb7 5. d4 g6 6. c4 Bg7 7. Be2 O-O 8. O-O d5 9. Nc3 Nbd7 10. Rc1 c5 11. Ba3 dxc4 12. Bxc4 Qe7 13. Qe2 Rfc8 14. Rfd1 Bf8 15. e4 Qe8 16. e5 Nh5 17. d5 exd5 18. Nxd5 Bxd5 19. Rxd5 Nf4 20. Qe4 Nxd5 21. Bxd5 Bh6 22. e6 fxe6 23. Qxe6+ Kh8 24. Qh3 Bxc1 25. Bxc1 h5 26. g4 Qe2 27. Bd2 Nf6 28. Bc4 Qd1+ 29. Kg2 Nxg4 30. Qg3 Qc2 31. h3 Nf6 32. Qg5 Rf8 33. Ne5 Rad8 34. Be3 Qf5 35. Qh6+ Nh7 36. Nxg6+ Qxg6+ 37. Qxg6 Rg8 38. Bxg8 Rxg8 39. Qg3 Rxg3+ 40. fxg3 Kg7 41. Kf3 Kf6 42. g4 hxg4+ 43. Kxg4 Kg6 44. Kf4 Ng5 45. h4 Nf7 46. Ke4 Nd6+ 47. Kd5 Nb5 48. a4 Na3 49. Bf4 Kh5 50. Bb8 a6 51. Ba7 c4 52. bxc4 b5 53. cxb5 axb5 54. a5 Nc2 55. Bc5 b4 56. Kc4 1-0

[Event "32nd TCh-GRE"]
[Site "Kallithea Chalkidiki"]
[Date "2003.07.10"]
[Round "8"]
[White "Gelashvili, Tamaz"]
[Black "Kotronias, Vasilios"]
[Result "0-1"]
[WhiteElo "2520"]
[BlackElo "2602"]
[PlyCount "82"]
[EventDate "2003.07.04"]
[Source "Roberto Alvarez"]
[SourceDate "2003.07.14"]

1. Nf3 Nf6 2. e3 g6 3. b3 Bg7 4. Bb2 d6 5. d4 O-O 6. Be2 e5 7. dxe5 Ng4 8. c4 Nd7 9. h3 Ngxe5 10. Nc3 Nxf3+ 11. Bxf3 Ne5 12. Be2 b6 13. O-O Bb7 14. Qd2 a6 15. Nd5 c6 16. Nc3 Qe7 17. Rad1 Rad8 18. Ba3 f5 19. f4 Nf7 20. Bf3 Rfe8 21. Rfe1 Qh4 22. Kh2 Ne5 23. fxe5 dxe5 24. Qc1 e4 25. Rxd8 Rxd8 26. Be2 Be5+ 27. Kg1 Qg3 28. Rd1 Qh2+ 29. Kf1 Re8 30. c5 b5 31. Qd2 Bg3 32. Bc4+ bxc4 33. Ne2 Qh1+ 34. Ng1 Bh2 35. Kf2 f4 36. Qc1 fxe3+ 37. Kxe3 Qxg2 38. Qxc4+ Kh8 39. Qf1 Qg5+ 40. Ke2 a5 41. Ke1 Bg3+ 0-1

[Event "Solin 6th"]
[Site "?"]
[Date "1998.??.??"]
[Round "1"]
[White "Kurajica Bojan"]
[Black "Dizdarevic Emir"]
[Result "1/2-1/2"]
[WhiteElo "2580"]
[BlackElo "2540"]
[PlyCount "23"]
[EventDate "1998.??.??"]
[Source "www.chesslib.no"]
[SourceDate "2004.05.04"]

1. Nf3 Nf6 2. b3 c5 3. Bb2 g6 4. e3 Bg7 5. Be2 O-O 6. O-O b6 7. c4 Bb7 8. d4 cxd4 9. Nxd4 Nc6 10. Nf3 d5 11. Nbd2 Rc8 12. Qb1 1/2-1/2

[Event "II Open ROMGAZ"]
[Site "Bucarest ROM"]
[Date "2008.09.13"]
[Round "3"]
[White "Gelashvili, T."]
[Black "Shishkin, Va UKR"]
[Result "1/2-1/2"]
[WhiteElo "2612"]
[BlackElo "2506"]
[PlyCount "82"]
[EventDate "2008.09.11"]
[Source "www.chesslib.no"]
[SourceDate "2004.05.04"]

1. Nf3 Nf6 2. e3 g6 3. b4 Bg7 4. Bb2 d5 5. Be2 O-O 6. h3 a5 7. b5 c5 8. a4 Nbd7 9. d3 Qc7 10. Nbd2 e5 11. e4 b6 12. c4 dxe4 13. dxe4 Bb7 14. Qc2 Nh5 15. g3 Bh6 16. h4 Ng7 17. O-O-O Ne6 18. Kb1 Rfd8 19. h5 g5 20. Nh2 Nd4 21. Qd3 Nf6 22. Ng4 Nxg4 23. Bxg4 Nxb5 24. Qe3 Nd4 25. Rhe1 Bc6 26. Qa3 Qe7 27. Nf1 Qe8 28. Rc1 Bg7 29. Bd1 Qd7 30. g4 Ne6 31. Bc2 Qb7 32. f3 Nd4 33. Bd1 Rd6 34. Ne3 Rad8 35. Nd5 Bxd5 36. exd5 h6 37. Qd3 Qd7 38. Bc2 Kf8 39. Re3 Re8 40. Rce1 Qc8 41. Qh7 Qd7 1/2-1/2

[Event "Marseille"]
[Site "Marseille FRA"]
[Date "1989.??.??"]
[Round "?"]
[White "Todorcevic, Miodrag"]
[Black "Spraggett, Kevin B"]
[Result "1-0"]
[WhiteElo "2535"]
[BlackElo "2575"]
[PlyCount "55"]
[EventDate "1989.07.??"]
[Source "www.chesslib.no"]
[SourceDate "2004.05.04"]

1. Nf3 Nf6 2. g3 b6 3. Bg2 Bb7 4. d3 c5 5. e4 d6 6. O-O e6 7. Re1 Be7 8. c3 O-O 9. Nbd2 Nc6 10. a3 b5 11. b4 cxb4 12. axb4 a5 13. bxa5 Rxa5 14. Rb1 d5 15. e5 Nd7 16. Nb3 Ra2 17. Nbd4 b4 18. cxb4 Nxd4 19. Nxd4 Qc7 20. Bf4 Rfa8 21. h4 Qc3 22. Ne2 Qc6 23. b5 Qb6 24. d4 R2a5 25. Nc3 Qc7 26. Nxd5 exd5 27. e6 Bd6 28. Rc1 1-0

[Event "Cannes"]
[Site "Cannes"]
[Date "1986.??.??"]
[Round "4"]
[White "Kortschnoj, Viktor"]
[Black "Haik, Aldo"]
[Result "1/2-1/2"]
[WhiteElo "2635"]
[BlackElo "2475"]
[PlyCount "80"]
[EventDate "1986.02.??"]
[Source "ChessBase"]

1. Nf3 Nf6 2. b3 b6 3. Bb2 Bb7 4. e3 e6 5. d4 c5 6. Nbd2 Be7 7. Bd3 Nc6 8. a3 cxd4 9. exd4 O-O 10. O-O Re8 11. Re1 Qc7 12. Nf1 Na5 13. Ng3 Rac8 14. Rc1 d6 15. c4 Bxf3 16. gxf3 d5 17. c5 Red8 18. Kg2 Qf4 19. b4 Nc4 20. Bxc4 dxc4 21. Rxc4 Nd5 22. Bc1 Qf6 23. Re4 bxc5 24. bxc5 Bf8 25. h4 Qe7 26. Bg5 f6 27. Bd2 Qd7 28. Qa4 Rc6 29. Rc1 Rdc8 30. Rb1 Kh8 31. h5 h6 32. Rbe1 e5 33. dxe5 fxe5 34. Rxe5 Nf6 35. Be3 Bxc5 36. Bxc5 Rxc5 37. Qxd7 Nxd7 38. Re7 Nf6 39. f4 Rc4 40. Rxa7 Rxf4 1/2-1/2

[Event "ISR-chT"]
[Site "Ramat Aviv"]
[Date "2000.05.05"]
[Round "10"]
[White "Mikhalevski, Victor"]
[Black "Psakhis, Lev"]
[Result "0-1"]
[WhiteElo "2499"]
[BlackElo "2599"]
[PlyCount "77"]
[EventDate "2000.01.14"]
[Source "ChessBase"]
[SourceDate "2000.07.27"]

1. Nf3 Nf6 2. g3 b6 3. Bg2 Bb7 4. O-O c5 5. d3 g6 6. e4 d6 7. Nc3 Bg7 8. e5 dxe5 9. Nxe5 Qc8 10. a4 Bxg2 11. Kxg2 Nc6 12. Nxc6 Qxc6+ 13. Qf3 Qxf3+ 14. Kxf3 Kd7 15. Re1 e6 16. Bf4 Kc6 17. Be5 Ne8 18. g4 h5 19. h3 hxg4+ 20. hxg4 Bxe5 21. Rxe5 Nd6 22. Ne4 Rh3+ 23. Ke2 Rah8 24. Nxd6 Kxd6 25. Re3 Rxe3+ 26. Kxe3 Rh3+ 27. Ke2 g5 28. Re1 Kd5 29. Kd2 Rf3 30. c4+ Kd6 31. Ke2 Rh3 32. a5 e5 33. axb6 axb6 34. Kd2 f6 35. Rd1 Ke6 36. Ra1 e4 37. dxe4 Ke5 38. Kc2 Rf3 39. Ra6 0-1

[Event "United States of America"]
[Site "United States of America"]
[Date "1988.??.??"]
[Round "?"]
[White "Rohde, Michael A"]
[Black "Alburt, Lev O"]
[Result "1/2-1/2"]
[WhiteElo "2565"]
[BlackElo "2525"]
[PlyCount "22"]
[EventDate "1988.??.??"]
[Source "www.chesslib.no"]
[SourceDate "2004.05.04"]

1. Nf3 Nf6 2. g3 c5 3. Bg2 Nc6 4. O-O e5 5. c4 d5 6. cxd5 Nxd5 7. Nc3 Be6 8. b3 Be7 9. Bb2 O-O 10. Rc1 f6 11. e3 Qd7 1/2-1/2

[Event "Cappelle op"]
[Site "Cappelle la Grande"]
[Date "1998.02.28"]
[Round "9"]
[White "Minasian, Artashes"]
[Black "Pushkov, Nikolai"]
[Result "1-0"]
[WhiteElo "2570"]
[BlackElo "2520"]
[PlyCount "83"]
[EventDate "1998.02.21"]
[Source "ChessBase"]
[SourceDate "1998.04.29"]

1. Nf3 Nf6 2. g3 b6 3. d3 d5 4. Bg2 Bb7 5. O-O e6 6. Nc3 Nbd7 7. e4 dxe4 8. Nd2 Be7 9. dxe4 Bb4 10. Ncb1 a5 11. a3 Bxd2 12. Nxd2 e5 13. b3 O-O 14. Bb2 Re8 15. Re1 Nc5 16. f3 Ba6 17. Nf1 Qe7 18. Qd2 Rad8 19. Qf2 Bxf1 20. Bxf1 Rd6 21. b4 Na4 22. Bc1 c6 23. Be3 Qc7 24. c4 Qb7 25. c5 Rdd8 26. cxb6 Ra8 27. b5 c5 28. Qc2 Nxb6 29. Qxc5 Rab8 30. Rac1 Nfd7 31. Qc6 Re6 32. Qxb7 Rxb7 33. Red1 Re8 34. Rd6 Kf8 35. Bh3 Reb8 36. Bxd7 Nxd7 37. a4 Rd8 38. Ra6 Nb8 39. Rxa5 Rd3 40. Ra7 Rxa7 41. Bxa7 Nd7 42. Rb1 1-0

[Event "Dhaka"]
[Site "Dhaka BAN"]
[Date "1993.??.??"]
[Round "?"]
[White "Norwood, David"]
[Black "Hodgson, Julian M"]
[Result "0-1"]
[WhiteElo "2525"]
[BlackElo "2565"]
[PlyCount "120"]
[EventDate "1993.??.??"]
[Source "www.chesslib.no"]
[SourceDate "2004.05.04"]

1. Nf3 Nf6 2. b3 g6 3. Bb2 Bg7 4. c4 d6 5. e3 e5 6. d4 Nc6 7. Be2 O-O 8. Nc3 Bf5 9. d5 Ne7 10. Nd2 Bd7 11. O-O c5 12. dxc6 bxc6 13. Rc1 Be6 14. Nf3 Ne8 15. Qd2 h6 16. Rfd1 f5 17. Na4 Qc7 18. Bc3 g5 19. Ba5 Qc8 20. Bb4 c5 21. Ba3 Nc6 22. Nc3 Rf7 23. Ne1 g4 24. Nd5 Rb8 25. Bb2 a5 26. Bc3 Qd8 27. f4 gxf3 28. Bxf3 Qg5 29. Nf4 Bd7 30. Nh3 Qg6 31. Bd5 Nd8 32. Bxf7+ Nxf7 33. Bxa5 Nf6 34. Nf2 Bc6 35. Bc7 Re8 36. Bxd6 Ng5 37. Qe2 f4 38. Bxc5 f3 39. Qc2 Nfe4 40. Rd6 Qf7 41. Rd5 fxg2 42. Ned3 Nd2 43. Kxg2 Bxd5+ 44. cxd5 Qxd5+ 45. e4 Ngxe4 46. Nb4 Qb7 47. Nxe4 Nxe4 48. Be3 Qxb4 49. a3 Qb7 50. Qc6 Qxc6 51. Rxc6 Rd8 52. Bxh6 Bxh6 53. Rxh6 Kf7 54. Rb6 Rd2+ 55. Kf3 Nf6 56. a4 Rxh2 57. a5 Ra2 58. b4 e4+ 59. Kg3 e3 60. Rc6 Rf2 0-1

[Event "YUG-chT playoff"]
[Site "?"]
[Date "1998.??.??"]
[Round "1"]
[White "Strikovic Aleksa"]
[Black "Djuric Stefan"]
[Result "1/2-1/2"]
[WhiteElo "2565"]
[BlackElo "2520"]
[PlyCount "64"]
[EventDate "1998.??.??"]
[Source "www.chesslib.no"]
[SourceDate "2004.05.04"]

1. Nf3 Nf6 2. g3 b6 3. Bg2 Bb7 4. O-O e6 5. d3 d5 6. Nbd2 Nbd7 7. c4 Bd6 8. cxd5 exd5 9. Nd4 O-O 10. Nf5 Bb4 11. a3 Bxd2 12. Bxd2 Re8 13. Bc3 Ne5 14. Qd2 Ng6 15. b4 Rb8 16. Qb2 Re6 17. b5 c5 18. bxc6 Rxc6 19. Rac1 Bc8 20. Nd4 Rc5 21. Nc2 Bg4 22. f3 Bd7 23. Bd4 Rb5 24. Qa1 Ne8 25. Ne3 Ne7 26. f4 Nc6 27. Nxd5 Nxd4 28. Qxd4 Be6 29. e4 Ra5 30. Qb4 Bxd5 31. exd5 Nc7 32. d6 Nd5 1/2-1/2

[Event "Bucharest ROM"]
[Site "?"]
[Date "2006.05.15"]
[Round "11"]
[White "Timoshenko Georgy"]
[Black "Kruppa Yuri"]
[Result "1/2-1/2"]
[WhiteElo "2547"]
[BlackElo "2538"]
[PlyCount "49"]
[EventDate "2006.??.??"]
[Source "www.chesslib.no"]
[SourceDate "2004.05.04"]

1. Nf3 Nf6 2. g3 b6 3. Bg2 Bb7 4. c4 e6 5. O-O Be7 6. Nc3 O-O 7. Re1 Ne4 8. Nxe4 Bxe4 9. d3 Bb7 10. e4 c5 11. d4 cxd4 12. Nxd4 Nc6 13. Nxc6 Bxc6 14. b3 Bf6 15. Ba3 Bxa1 16. Bxf8 Qxf8 17. Qxa1 Qc5 18. Rd1 f6 19. Qd4 Kf7 20. f4 Qxd4+ 21. Rxd4 e5 22. fxe5 fxe5 23. Rd2 Ke7 24. Kf2 Rf8+ 25. Ke3 1/2-1/2

[Event "Amsterdam NED"]
[Site "Amsterdam NED"]
[Date "1971.??.??"]
[Round "?"]
[White "Smyslov, Vassily V"]
[Black "Adorjan, Andras"]
[Result "1-0"]
[WhiteElo "2620"]
[BlackElo "2460"]
[PlyCount "59"]
[EventDate "1971.??.??"]
[Source "www.chesslib.no"]
[SourceDate "2004.05.04"]

1. Nf3 Nf6 2. b3 c5 3. Bb2 g6 4. e4 Bg7 5. e5 Nh5 6. d4 O-O 7. Qc1 d6 8. h3 cxd4 9. g4 Qa5+ 10. c3 Qd5 11. Be2 d3 12. c4 Qc6 13. Bd1 Qe4+ 14. Kf1 Nf4 15. Nc3 d2 16. Nxe4 dxc1=Q 17. Bxc1 dxe5 18. Rb1 b6 19. Bxf4 exf4 20. Bc2 Bb7 21. Ke2 Nc6 22. Rbd1 Nb4 23. Bb1 Nxa2 24. Rd7 Bxe4 25. Bxa2 Bc6 26. Rc7 Rfc8 27. Rxc8+ Rxc8 28. Rd1 a5 29. Bb1 e5 30. Ng5 1-0

[Event "TCh-CZE Extraliga 2003-4"]
[Site "Czech Rep"]
[Date "2004.01.10"]
[Round "5"]
[White "Jirovsky, Milos"]
[Black "Stocek, Jiri"]
[Result "0-1"]
[WhiteElo "2526"]
[BlackElo "2552"]
[PlyCount "90"]
[EventDate "2004.01.08"]
[Source "Roberto Alvarez"]
[SourceDate "2004.04.05"]

1. Nf3 Nf6 2. e3 d6 3. c4 e5 4. Nc3 c6 5. d4 Qc7 6. Be2 Be7 7. O-O O-O 8. b4 Re8 9. Qb3 Nbd7 10. Rd1 Nf8 11. Rb1 a6 12. Bb2 Ng6 13. Rbc1 h6 14. h3 Bf8 15. Bf1 Bf5 16. a4 e4 17. Nh2 Rad8 18. b5 Nh7 19. Ba3 Ng5 20. Rb1 Rb8 21. Rd2 Nh4 22. Rdb2 axb5 23. cxb5 Rbc8 24. bxc6 bxc6 25. Qd1 Qd8 26. Ne2 Ra8 27. Ra1 c5 28. Nf4 cxd4 29. Qxd4 Be7 30. Nd5 Bxh3 31. Rb7 Bf8 32. Qd1 Ngf3+ 33. Nxf3 Nxf3+ 34. gxf3 Qg5+ 35. Kh2 Bxf1 36. Qxf1 Qxd5 37. Rb5 Qe6 38. f4 Rxa4 39. Bb2 Rxa1 40. Qxa1 Qc4 41. Rb7 Qe2 42. Kg1 Re6 43. f5 Qg4+ 44. Kf1 Qxf5 45. Rb8 Re8 0-1

[Event "URS Ch otbor56"]
[Site "Uzhgorod"]
[Date "1988.??.??"]
[Round "?"]
[White "Balashov, Yuri S"]
[Black "Rozentalis, Eduardas"]
[Result "1/2-1/2"]
[WhiteElo "2555"]
[BlackElo "2520"]
[PlyCount "122"]
[EventDate "1988.??.??"]
[Source "www.chesslib.no"]
[SourceDate "2004.05.04"]

1. Nf3 Nf6 2. g3 b6 3. Bg2 Bb7 4. O-O e6 5. d3 c5 6. e4 d5 7. e5 Nfd7 8. c4 d4 9. Re1 Be7 10. h4 Nc6 11. Nbd2 h6 12. Nf1 g5 13. h5 Qc7 14. N1h2 Bf8 15. Ng4 Bg7 16. Qe2 a6 17. Bd2 b5 18. cxb5 axb5 19. a3 Qb6 20. b4 cxb4 21. Bxb4 Nxb4 22. axb4 O-O 23. Qb2 Rfd8 24. Qxd4 Qxd4 25. Nxd4 Rxa1 26. Rxa1 Nxe5 27. Nxe5 Bxe5 28. Bxb7 Rxd4 29. Re1 Bb8 30. Re4 Rxd3 31. Bc6 Ba7 32. Kf1 Rf3 33. Re2 Rb3 34. Bxb5 Rxb4 35. Bd3 Rb3 36. Bc2 Rc3 37. g4 Kg7 38. Kg2 Kf6 39. Bh7 Ra3 40. Bb1 Bd4 41. Bh7 Ke7 42. Bb1 Bc5 43. Bc2 Rc3 44. Bh7 Rb3 45. Bc2 Rb4 46. Re4 Rb2 47. Re2 Kd6 48. Kf3 Ra2 49. Rd2+ Ke5 50. Re2+ Kf6 51. Kg2 Rb2 52. Bd3 Rb4 53. Re4 Rb3 54. Bc2 Rc3 55. Re2 Rc4 56. Be4 Rb4 57. Bf3 Ke7 58. Re4 Bd4 59. Re2 Kd6 60. Be4 Bc5 61. Kg3 Bd4 1/2-1/2

[Event "Orense"]
[Site "Orense"]
[Date "1975.??.??"]
[Round "?"]
[White "Larsen, Bent"]
[Black "Pomar Salamanca, Arturo"]
[Result "1-0"]
[WhiteElo "2625"]
[BlackElo "2450"]
[PlyCount "61"]
[EventDate "1975.??.??"]
[Source "www.chesslib.no"]
[SourceDate "2004.05.04"]

1. Nf3 Nf6 2. b3 e6 3. Bb2 b6 4. g3 Bb7 5. Bg2 d5 6. c4 Nbd7 7. O-O Bd6 8. Nc3 O-O 9. Qc2 a6 10. cxd5 exd5 11. d3 Re8 12. Rfe1 Nc5 13. Rad1 Qd7 14. e3 Rad8 15. Ne2 Ng4 16. h3 Nh6 17. Nc3 f5 18. b4 Ne6 19. Qb3 Qf7 20. e4 dxe4 21. dxe4 Nf8 22. Nd5 Kh8 23. Ng5 Qg6 24. h4 Bxd5 25. Rxd5 f4 26. h5 Qxh5 27. Ne6 Qg6 28. Nxg7 Qxg7 29. Bxg7+ Kxg7 30. Qc3+ Kg8 31. e5 1-0

[Event "Hastings 7980"]
[Site "Hastings"]
[Date "1979.??.??"]
[Round "8"]
[White "Giorgadze, Tamaz"]
[Black "Stean, Michael"]
[Result "1/2-1/2"]
[WhiteElo "2535"]
[BlackElo "2540"]
[PlyCount "29"]
[EventDate "1979.12.??"]
[Source "ChessBase"]

1. Nf3 Nf6 2. g3 b6 3. Bg2 Bb7 4. O-O e6 5. d3 d5 6. e4 dxe4 7. Nfd2 Nc6 8. Nxe4 Nxe4 9. Bxe4 Qd7 10. a4 h5 11. Nd2 h4 12. Nc4 hxg3 13. fxg3 Bc5+ 14. Be3 Bxe3+ 15. Nxe3 1/2-1/2

[Event "Fortaleza zt"]
[Site "Fortaleza BRA"]
[Date "1975.??.??"]
[Round "1"]
[White "Panno, Oscar R"]
[Black "Sanguinetti, Raul C"]
[Result "1/2-1/2"]
[WhiteElo "2545"]
[BlackElo "2530"]
[PlyCount "29"]
[EventDate "1975.??.??"]
[Source "www.chesslib.no"]
[SourceDate "2004.05.04"]

1. Nf3 Nf6 2. g3 c5 3. Bg2 Nc6 4. O-O e5 5. e4 Be7 6. Re1 O-O 7. c3 d6 8. Na3 Re8 9. d3 Bf8 10. Bg5 h6 11. Bxf6 Qxf6 12. Nc4 Qd8 13. Ne3 Rb8 14. a3 g6 15. b4 1/2-1/2

[Event "67th ch-GEO KO"]
[Site "Tbilisi GEO"]
[Date "2008.03.20"]
[Round "2.3"]
[White "Gelashvili, T."]
[Black "Magalashvili, Da"]
[Result "0-1"]
[WhiteElo "2622"]
[BlackElo "2449"]
[PlyCount "104"]
[EventDate "2008.03.15"]
[Source "www.chesslib.no"]
[SourceDate "2004.05.04"]

1. Nf3 Nf6 2. e3 e6 3. b3 d5 4. d4 Bd6 5. Bd3 O-O 6. O-O c5 7. Bb2 Nc6 8. Nbd2 Qe7 9. Ne5 cxd4 10. exd4 Ba3 11. Bxa3 Qxa3 12. Ndf3 Nb4 13. Qc1 Qxc1 14. Rfxc1 Bd7 15. Be2 Rfc8 16. c4 dxc4 17. bxc4 Ba4 18. a3 Nc6 19. Nd3 Na5 20. Nc5 Bc6 21. Ne5 b6 22. Nxc6 Rxc6 23. Bf3 bxc5 24. dxc5 Rac8 25. Bxc6 Nxc6 26. Rd1 Ne4 27. f3 Nxc5 28. Rab1 Kf8 29. Rb5 Ne5 30. Rd4 Ke7 31. Kf1 Rc6 32. a4 Ned7 33. a5 Rc8 34. Ke2 g5 35. Kd2 a6 36. Rb1 Ne5 37. h4 gxh4 38. Rxh4 Rg8 39. Rh2 Nxc4+ 40. Ke2 Nxa5 41. g4 Nab3 42. Rxh7 a5 43. Ke3 a4 44. Rb2 a3 45. Ra2 Ra8 46. g5 Nc1 47. Rc2 N1d3 48. g6 a2 49. Rxf7+ Kd6 50. Rxa2 Rxa2 51. g7 Rg2 52. f4 Rg3+ 0-1

[Event "67th ch-GEO KO"]
[Site "Tbilisi GEO"]
[Date "2008.03.19"]
[Round "2.2"]
[White "Gelashvili, T."]
[Black "Magalashvili, Da"]
[Result "1/2-1/2"]
[WhiteElo "2622"]
[BlackElo "2449"]
[PlyCount "92"]
[EventDate "2008.03.15"]
[Source "www.chesslib.no"]
[SourceDate "2004.05.04"]

1. Nf3 Nf6 2. e3 e6 3. b3 Be7 4. d4 d5 5. Bd3 O-O 6. O-O c5 7. Bb2 Nc6 8. Nbd2 b6 9. a3 Bb7 10. Qe2 a6 11. Rfd1 b5 12. dxc5 Bxc5 13. c4 bxc4 14. bxc4 h6 15. Rac1 Be7 16. cxd5 Nxd5 17. Nc4 Na5 18. Nce5 Qe8 19. Bb1 Nf6 20. Nd4 Rc8 21. Qd3 Rxc1 22. Rxc1 h5 23. Qd2 Qd8 24. Bc3 Qd5 25. f4 Bxa3 26. Rd1 Nc4 27. Nxc4 Qxc4 28. Nf3 Ne4 29. Bxe4 Bxe4 30. Ne5 Qd5 31. Qe2 Qb5 32. Qd2 Rc8 33. Qd4 Qd5 34. Qa4 Qc5 35. Qxe4 Qxc3 36. h3 Bc5 37. Rd3 Qe1+ 38. Kh2 Be7 39. Qb7 Re8 40. Qd7 Kf8 41. Qb7 a5 42. Qf3 h4 43. Qc6 Qg3+ 44. Kh1 Qe1+ 45. Kh2 Qg3+ 46. Kh1 Qe1+ 1/2-1/2

[Event "SUI-chT SMM"]
[Site "SUI"]
[Date "2003.09.07"]
[Round "7.1"]
[White "Hickl, Joerg"]
[Black "Forster, Richard"]
[Result "1-0"]
[WhiteElo "2589"]
[BlackElo "2482"]
[PlyCount "119"]
[EventDate "2003.??.??"]
[Source "Roberto Alvarez"]
[SourceDate "2003.10.13"]

1. g3 g6 2. Bg2 Bg7 3. Nf3 Nf6 4. O-O O-O 5. d3 d6 6. c4 c6 7. Nc3 Nbd7 8. Rb1 a5 9. a3 Nb6 10. b3 d5 11. Bb2 Re8 12. Qc2 a4 13. Ba1 axb3 14. Qxb3 Ra6 15. cxd5 Nbxd5 16. Ne5 Rb6 17. Qc2 Ra6 18. Na4 Nb6 19. Nxb6 Rxb6 20. Rxb6 Qxb6 21. Rb1 Qa7 22. Qb3 Rf8 23. Bf3 Qc5 24. h4 Ne8 25. d4 Qa5 26. Bc3 Qc7 27. Qa4 c5 28. Qc4 cxd4 29. Qxc7 Nxc7 30. Bxd4 Ne6 31. Bc3 Bf6 32. e3 Nc5 33. Rb5 Nd3 34. Nxd3 Bxc3 35. Bxb7 Bxb7 36. Rxb7 Rd8 37. Nc5 Rd1+ 38. Kg2 Ra1 39. a4 Be5 40. Rxe7 Bd6 41. Re8+ Kg7 42. Ne4 Bb4 43. Ra8 h5 44. Ra7 Ra2 45. Ng5 Kg8 46. Rxf7 Bc5 47. Rf6 Kg7 48. Rf3 Bb6 49. Ne6+ Kh7 50. Rf7+ Kg8 51. Rg7+ Kh8 52. Rxg6 Bxe3 53. Rf6 Bb6 54. Ng5 Be3 55. Rf3 Bb6 56. Nh3 Kg7 57. Rf5 Kg6 58. Rb5 Bc7 59. Rc5 Bb8 60. a5 1-0

[Event "Open"]
[Site "Vladimir"]
[Date "2004.08.25"]
[Round "8"]
[White "Shaposhnikov, Evgeny"]
[Black "Yandemirov, Valeri"]
[Result "1/2-1/2"]
[WhiteElo "2563"]
[BlackElo "2503"]
[PlyCount "40"]
[EventDate "2004.08.18"]
[Source "Roberto Alvarez"]
[SourceDate "2004.09.21"]

1. Nf3 Nf6 2. e3 g6 3. b3 Bg7 4. Bb2 O-O 5. Be2 d5 6. O-O c5 7. d3 Nc6 8. Ne5 Nxe5 9. Bxe5 Ne8 10. Bxg7 Nxg7 11. d4 Qc7 12. Nc3 Rd8 13. Nb5 Qc6 14. c4 dxc4 15. bxc4 cxd4 16. Nxd4 Qc5 17. Qb3 Ne6 18. Nxe6 Bxe6 19. Rfd1 b6 20. Qa4 Qc7 1/2-1/2

[Event "56th ch-YUG, Herceg Novi YUG"]
[Site "?"]
[Date "2001.??.??"]
[Round "10"]
[White "Damljanovic, B."]
[Black "Kosic, D."]
[Result "0-1"]
[WhiteElo "2560"]
[BlackElo "2500"]
[PlyCount "84"]
[EventDate "2001.??.??"]
[Source "www.chesslib.no"]
[SourceDate "2004.05.04"]

1. Nf3 Nf6 2. g3 c5 3. Bg2 Nc6 4. O-O e5 5. e4 Be7 6. Nc3 d6 7. d3 h6 8. a3 Nd4 9. Nxd4 cxd4 10. Ne2 h5 11. h3 Bd7 12. c3 dxc3 13. Nxc3 Be6 14. d4 Qd7 15. dxe5 dxe5 16. Qxd7+ Bxd7 17. Be3 Bc6 18. b4 a6 19. Rab1 O-O 20. f4 Nd7 21. Rfd1 h4 22. a4 b5 23. axb5 axb5 24. Nd5 Bd8 25. gxh4 Bxh4 26. Rbc1 Rac8 27. Bf1 exf4 28. Bxf4 Rfe8 29. Bc7 Re6 30. Nf4 Rh6 31. Bd6 Bg3 32. Rc3 Bxf4 33. Bxf4 Rg6+ 34. Kh2 Ra8 35. Rd2 Nb6 36. Rd6 Rxd6 37. Bxd6 Bxe4 38. Bxb5 Nd5 39. Rc4 Ra2+ 40. Kg3 Rg2+ 41. Kh4 g5+ 42. Kh5 Kh7 0-1

[Event "Saint Petersburg RUS"]
[Site "?"]
[Date "2006.06.11"]
[Round "9"]
[White "Loginov Valery A"]
[Black "Vitiugov Nikita"]
[Result "0-1"]
[WhiteElo "2510"]
[BlackElo "2550"]
[PlyCount "72"]
[EventDate "2006.??.??"]
[Source "www.chesslib.no"]
[SourceDate "2004.05.04"]

1. Nf3 Nf6 2. g3 b6 3. Bg2 Bb7 4. O-O e6 5. d3 d5 6. Nbd2 c5 7. c3 Nc6 8. e4 Be7 9. Re1 Qc7 10. Nf1 d4 11. cxd4 cxd4 12. Bf4 e5 13. Nxe5 Nxe5 14. Rc1 Qd6 15. Nd2 Nfd7 16. Bh3 Qf6 17. Qa4 O-O 18. Bxd7 Nxd3 19. Bc6 Nxc1 20. Bxb7 Nd3 21. Bxa8 Rxa8 22. e5 Qe6 23. Re4 Nc5 24. Qxd4 Rd8 25. Qc4 Nxe4 26. Qxe4 Qd5 27. Qe2 Qxa2 28. b3 Qa1+ 29. Kg2 Qd4 30. h4 Bb4 31. Nc4 Qd1 32. Qa2 Qd5+ 33. f3 Qd1 34. Qxa7 Qe2+ 35. Kh3 h5 36. Qc7 Rd1 0-1